000 00516nam a2200193 a 4500
999 _c4470
_d4470
003 BD-JhCC
005 20171127191450.0
008 171123s1955 uk |||| ||a| 000 0 eng d
035 _a(BD-JhCC)
040 _aBD-JhCC
_dBD-JhCC
041 _aeng
082 _a813.54
_bSAV 1955
100 _aSaville, Malcolm
245 _aThe Flying Fish Adventure /
_cMalcolm Saville
260 _aLondon :
_bJohn Murray, Albemarle Street,
_c1955
300 _a174 p .:
_c18 cm .
650 _aAdventure fiction
942 _2ddc
_cBK